000 00978nam a22002417a 4500
005 20240530110600.0
008 160330s2013 ua g b 000 0 ara d
017 _a2012/19595
_bمصر . دار الكتب المصرية
020 _a9789774280375
040 _aEG-CaGPL
082 0 4 _221
_a332.15\
_bس ب
100 0 _aسمير عباس
245 1 2 _aالبنك الدولى و صراع الارادات :
_bدراسة تحليلية لظاهرة البيروقراطية الدولية /
_cتاليف سمير عباس
250 _aط1
260 _aالقاهرة :
_bمصر العربية للنشر و التوزيع ،
_c2013 .
300 _a223 ص ؛
_c24 سم .
504 _aيشتمل على ارجاعات ببليوجرافية
650 0 4 _aالاصلاح الادارى
650 0 4 _aالبيروقراطية
650 0 4 _aالبنك الدولى للانشاء و التعمير
942 _2ddc
_cBK
999 _c62651
_d62651